[Event "ROM-chT "]
[Site "Mamaia"]
[Date "2015.10.09"]
[Round "7.2"]
[White "Vovk, Andrey"]
[Black "Marin, Mihail"]
[Result "1/2-1/2"]
[WhiteElo "2619"]
[BlackElo "2580"]
[Annotator "Marin,M"]
[PlyCount "106"]
[EventDate "2015.10.03"]
[EventType "team-tourn"]
[EventRounds "9"]
[EventCountry "ROU"]
[SourceTitle "CBM 169"]
[Source "ChessBase"]
[SourceDate "2015.11.10"]
[SourceVersion "1"]
[SourceVersionDate "2015.11.10"]
[SourceQuality "1"]
[WhiteTeam "Timisoara Luxten"]
[BlackTeam "Bucharest Apa Nova"]
[WhiteTeamCountry "ROU"]
[BlackTeamCountry "ROU"]

1. e4 e6 2. d4 d5 3. Nd2 c5 4. exd5 exd5 5. Ngf3 Nc6 6. Bb5 cxd4 $5 {This was
Korchnoi's surprise weapon for his 1980 Candidates' final against Hübner.
Korchnoi achieved a remarkable 2.5/4, not without a good share of luck, but
the line never became too popular. The reason may be that the general feeling
was that Black was struggling most of the time, but this was mainly due to
Korchnoi's match strategy, according to which a draw with Black is a good
result. In my article for CBM 164 I did my best to prove this line playable
and did not shy away from using it when given a chance.} 7. Qe2+ {The only way
to pose problems.} ({The natural} 7. Nxd4 {was Hübner's choice when facing
the opening surprise for the first time, but it offered Black very comfortable
play. This evaluation was confirmed in a recent game of mine:} Bd7 8. N2f3 Nf6
9. O-O Be7 10. h3 ({Deviating from} 10. Re1 {Huebner,R (2600)-Kortschnoj,V 
(2695) Merano 1980 (½-½, 34) My opponent's last move was obviously aimed at
preventing a later ...Bg4, but remarkably enough Black will find good squares
for all his minor pieces anyway.}) 10... O-O 11. Bd3 Re8 12. Bf4 {White's
position looks active, but the next move takes full advantage of the French
Isolani's strength.} Ne4 13. Nxc6 Bxc6 $1 ({Forced and strong. Suddenly, the
f4-bishop is clumsily placed and sometimes hanging. The strategically more
consistent} 13... bxc6 $2 {loses a pawn to} 14. Bxe4 dxe4 15. Ne5 $16) 14. c3 (
{Returning with the bishop on the right path at once would not have spared
White problems:} 14. Be5 Qb6 15. Bd4 Bc5 16. Bxc5 Nxc5 17. Rb1 Nxd3 18. cxd3 d4
$15) 14... Bc5 15. Qc2 Qf6 16. Be3 (16. Bh2 $6 Bd7 {[%cal Gd7h3] puts the
white kingside in trouble.}) 16... Bxe3 17. fxe3 Qh6 $15 {Haubro,M (2382)
-Marin,M (2579) Helsingor 2015 (1/2-1/2, 42)}) 7... Qe7 8. Nxd4 Qxe2+ 9. Kxe2
Bd7 {This is the main tabyia of the variation.} 10. Nxc6 {During the game I
thought this was a novelty, but later discovered there had been just one
previous game with it.} (10. N2b3 {and}) (10. N2f3 {are usually played. Both
continuations are covered in my article.}) 10... bxc6 11. Ba6 $146 {The most
consistent move, trying to imobilise the black queenside. My opponent seemed
to be on his own from an early stage, since he spent a lot of time on the next
phase.} (11. Bd3 f6 {[%cal Ge8f7]} ({To my taste, this is slightly premature.
I would play} 11... Bd6 {keeping the same kind of flexibility as in the game.})
12. c4 (12. Nb3 Kf7 13. Be3 {[%csl Gc5] is also logical.}) 12... Ne7 13. Rd1
Kf7 14. Nb3 Be6 15. Na5 {Sivuk,V (2491)-Shariyazdanov,A (2568) Voronezh 2014 
(½-½, 46), with some slight initiative.}) ({The pressure along the a4-e8
diagonal set by} 11. Ba4 {is ineffective.} Nf6 12. c4 (12. Re1 {prevents ...
Bd6 followed by 0-0, but with the bishop on a4 Black has} O-O-O $1 13. Kf1 Bd6
14. Nb3 Rde8 15. Be3 Kc7 $15) 12... Bc5 13. Rd1 O-O 14. cxd5 Rfe8+ 15. Kf1 cxd5
16. Bxd7 Nxd7 17. Nb3 Bb6 $11 18. Rxd5 Nf6 $44 {[%cal Ga8c8,Gf6g4]}) 11... Bd6
{Delaying the decision regarding the knight's development.} ({I was briefly
considering putting my pawns into motion as soon as possible with} 11... Rb8
12. Nb3 c5 {but thought it would be dangerous in view of} 13. Re1 {Still,
Black seems to be doing fine here, too.} Bd6 14. Kf1+ Ne7 15. Be3 d4 16. Bd2
O-O 17. Bf4 (17. c3 Nc6) 17... Bxf4 18. Rxe7 Bf5 19. Rxa7 Bxc2 20. Nxc5 Bd6 $11
) 12. Nb3 ({I planned to meet} 12. Re1 {with} Ne7 ({I also thought of} 12...
Nf6 $5 13. Kf1+ Kd8 $11 {[%cal Gh8e8] but it looked a bit too exotic to me.})
13. Nb3 c5 (13... O-O 14. Be3 {><c5}) 14. Na5 O-O 15. Nb7 Bc8 16. Nxd6 Bxa6+
17. Kd1 Ng6 $13) 12... Nf6 {There is no reason to refrain from the most active
knight development now.} 13. Be3 O-O 14. f3 $8 {White needs to clear the
f2-square for his king as soon as possible.} (14. Rhe1 Rfe8 {[%cal Gc6c5] /\ ..
.c5} 15. Kf1 Bxh2 $5 16. g3 Bh3+ 17. Ke2 c5 {Curiously, the bishop is not easy
to trap.} 18. Kf3 (18. Kd2 $2 Ne4+ 19. Kc1 d4 $19) (18. Kd1 $2 d4 19. Bf4 Rxe1+
20. Kxe1 Re8+ {/\ ...Ne4 x f2 -+}) 18... c4 19. Nd4 Re4 {/\ Rae8} 20. Rh1 $6
Ng4 {with a strong initiative.}) (14. Rad1 Rfe8 {[%csl Ge2]}) 14... Bc8 {
After a long period thought, I decided that the most urgent need was the
unblocking of the a-pawn.} (14... Rfe8 {is pointless now due to} 15. Kf2) 15.
Bd3 {The only way to keep some tension.} (15. Bxc8 Rfxc8 {frees Black's play
at once.} 16. Bc5 Be5 17. c3 (17. Bd4 Bxd4 18. Nxd4 c5 19. Nf5 Kf8 $11) 17...
Nd7 18. Bf2 a5 19. Nc5 Nxc5 20. Bxc5 Rab8 21. Rab1 Rb5 $11) 15... a5 {I did
not consider any alternatives to this move seriously, since I wanted to weaken
White's squares along the b-file and ensure the exchange of the potentially
bad bishop with ...Ba6. But at the same time the resulting weakness of the
b5-square will cause some micro problems. Black could have safely played the
same plan without the insertion of the moves ...a7-a5 and a2-a4.} (15... Nd7 $5
16. Rhe1 ({The same reaction as in the game is insufficient:} 16. Kf2 $6 c5 17.
Bb5 d4 18. Bd2 Rb8 {The main differences are that the bishop is not stable on
b5 while the black a-pawn is not hanging.} 19. Be2 Ne5 $17) 16... a5 (16... c5
{is good, too, but less dangerous for White since after} 17. Bb5 d4 {he has
the regrouping} 18. Bf2 Ne5 19. Bg3 $11) 17. a4 Ba6 $11) 16. a4 ({I planned to
meet} 16. Bc5 {with} Re8+ 17. Kf2 Be5 18. c3 Nd7 {Indeed, Black has excellent
play and it is White already who needs to be careful:} 19. Ba3 (19. Bd4 a4 $17)
19... Bc7 20. Rhe1 Ne5 21. Bc2 Ba6 22. Nc5 Bb6 23. Kg3 Bb5 $13) 16... Nd7 $1 {
It may seem that Black is retreating on all fronts, but in fact this is the
continuation of a harmonious regrouping. After f2-f3 the knight had little to
do on f6. The last move takes advantage of the previous clearance of the
d7-square to make White forget about his dreams of a blockade on c5.} 17. Kf2 (
17. Rhe1 Ba6 {transposes to 15...Nd7 16.Rhe1 above.}) 17... g6 $5 {The most
difficult move in the game.} ({The idea behind White's last move was to allow
him to meet} 17... Ba6 $6 {with} 18. Bf5 $1 {for instance} Ne5 19. Bc5 (19.
Nxa5 $5) 19... Bxc5+ 20. Nxc5 g6 21. Rhe1 $16) (17... c5 $6 18. Bb5 $16 {
[%csl Ra5,Gb5] x b5, /\xPa5}) 18. Rad1 Ba6 $11 {In the absence of Bf5, this
solves all Black's problems.} 19. Bxa6 Rxa6 20. Nd4 Nc5 (20... c5 21. Nb5 $14)
21. b3 Ne6 22. Rhe1 (22. h4 $5) 22... Bb4 23. Re2 Bc3 {By this moment,
encouraged also by my opponent's approaching time trouble, I started hoping to
take over the initiative by setting my central pawns in motion. But Andrey
kept regrouping adequately, maintaining approximate equality.} 24. g3 {[%csl
Gf4]} (24. Rd3 $2 Bxd4 25. Bxd4 Nf4 $19) 24... Rc8 25. Rd3 Bb4 (25... Bxd4 26.
Bxd4 c5 $11 27. Be5 (27. Bb2 d4 28. c3 Rb8 $11) 27... d4 28. h4 (28. c3 $6 f6
$1 29. Bxf6 c4 $36 {[%cal Ge6c5] /\ Nc5, xBf6}) 28... Rb6 29. Rdd2 c4 $11) 26.
Kf1 $5 {[%csl Gf2][%cal Re3f2]} Nc5 ({I might have got better chances to
confuse my opponent with the active} 26... c5 27. Nb5 d4 28. Bf2 c4 29. bxc4 {
but when reaching this point I failed to find the strongest continuation.} Raa8
$1 {[%cal Ga8f8]} (29... Rxc4 30. Nxd4) 30. Bxd4 (30. Nxd4 Nc5) (30. f4 Rxc4
31. Nxd4 Nc5 {[%csl Ga4]}) 30... Rxc4 $11 {[%csl Ga4][%cal Gb4f8]}) 27. Rd1 Ne6
{While failing to find ways to take over the initiative, I also became a bit
short of time, so I did not mind a move repetition. But my opponent avoided it!
} 28. Bh6 Nxd4 {Already heading for a draw.} (28... c5 29. Nb5 d4 {is probably
less dangerous than it looks.} 30. Re5 c4 31. bxc4 (31. Nxd4 $2 Rd6 $19) 31...
Be7 (31... Rxc4 $2 32. Rxd4 $1 {[%csl Gg8]}) 32. Rd5 Rxc4 33. Nxd4 Rxa4 34.
Nxe6 fxe6 35. Rd7 Bf6 $132 {[%cal Ga5a1]}) 29. Rxd4 Ra7 30. Rd3 f6 31. Be3 Rd7
32. Bd4 Kf7 33. Bb2 Rcc7 34. Rde3 $6 {It looks logical to occupy the open file,
but reducing the pressure against the central pawns could have put White in a
slightly unpleasant situation.} ({A neutral constructive move such as} 34. g4
$5 $11 {would have maintained the equality.}) 34... Re7 $6 ({I must have lost
faith in my central pawns as I now missed the kind of operation I had been
dreaming for a bit earlier:} 34... d4 $5 35. Rd3 ({It is necessary to block
this pawn. If} 35. Re8 $2 d3 36. cxd3 Rxd3 37. R8e3 Rcd7 {White will at least
lose his b3-pawn. The point is that a waiting move such as} 38. g4 {loses even
more material:} Rxe3 39. Rxe3 Rd1+ 40. Kf2 {To be able to meet ...Rd2+ with
Re2 but:} Bc5 $19) 35... c5 $15 {with chances to set up long term pressure.})
35. Rxe7+ Bxe7 $1 $11 {It is essential to keep one rook on board in order to
maintain the dynamism of the hanging pawns..} ({After} 35... Rxe7 $2 36. Rxe7+
{the ending is unpleasant for Black, due to the weakness of the a-pawn and
White's chances to create a passed pawn with c3 and b4.} Bxe7 (36... Kxe7 37.
Bd4 c5 38. c3 Ba3 39. Be3 $14) 37. Bc3 Bd8 38. Bd4 $14 {[%cal Gf1d3,Gc2c3,
Gb3b4] /\ Ke2-d3, c2-c3, b3-b4}) 36. Bc3 Ra7 37. Ke1 c5 38. Kd2 Ra6 39. Kd3 Bd8
40. Be1 Rc6 41. Bf2 Bb6 42. Kd2 Bc7 (42... c4 $2 43. bxc4 dxc4 (43... Bxf2 44.
cxd5 $1 $16) 44. Kc3 $14) 43. Kd3 Be5 {It was my turn to reject the move
repetition.} (43... Bb6 $11) 44. Be1 c4+ 45. bxc4 {Andrey must have had enough
of this sterile fight as he now decides to simplify.} (45. Kd2 g5 (45... cxb3
46. cxb3 Bc3+ 47. Kd3 Bxe1 48. Rxe1 Rb6 49. Kc3 d4+ $5 $11) 46. g4 Kg6 47. Bg3
Bxg3 48. hxg3 d4 49. Re4 $11) 45... Rxc4 46. Bxa5 Rxa4 {Around this moment I
felt that there were some chances to keep White under pressure but failed to
understand how.} (46... Rd4+ 47. Ke3 Rxa4 48. Bd2 g5 49. Re1 h5 50. Rb1 h4 51.
Be1 h3 $5 {/\=/+ Black's advantage is purely symbolic, but in a practical game
White could start fearing ghosts as there is no obvious way to activate his
position.}) 47. Be1 Rd4+ 48. Ke3 Rd1 49. f4 Bd4+ 50. Kf3 f5 51. Rd2 Rxd2 52.
Bxd2 Ke6 53. Be3 Bc3 $11 ({Only not} 53... Bxe3 $4 54. Kxe3 Kd7 55. Kd4 Kd6 56.
h3 $1 (56. c3 $2 h6 57. h4 h5 $11) 56... h6 57. h4 h5 58. c3 $18) 1/2-1/2

[Event "BCF-ch 89th"]
[Site "Torquay"]
[Date "2002.08.05"]
[Round "7"]
[White "McShane, Luke J"]
[Black "Pert, Nicholas"]
[Result "1-0"]
[WhiteElo "2544"]
[BlackElo "2460"]
[Annotator "McShane,L"]
[PlyCount "85"]
[EventDate "2002.07.29"]
[EventType "swiss"]
[EventRounds "11"]
[EventCountry "ENG"]
[SourceTitle "CBM 091"]
[Source "ChessBase"]
[SourceDate "2002.11.12"]
[SourceVersion "1"]
[SourceVersionDate "2002.11.12"]
[SourceQuality "1"]

1. e4 e6 2. d4 d5 3. Nd2 c5 4. Ngf3 Nf6 5. exd5 exd5 6. Bb5+ Bd7 7. Bxd7+ Nbxd7
8. O-O Be7 9. dxc5 Nxc5 10. Nb3 Nce4 11. Nfd4 Qd7 12. f3 Nd6 13. Nc5 Qc8 (13...
Qc7) 14. Nd3 O-O 15. Be3 Re8 16. Bf2 Bd8 $5 {[%cal Yd8b6]} 17. a4 $5 {[%csl
Rb6][%cal Ya4a5]} Nf5 ({Perhaps} 17... a6 $142 {but maybe I can still disturb
his bishop with} 18. c3 $5 {[%cal Yd1b3]}) 18. Qd2 Bb6 $6 {The idea of
exchanging pieces is dubious. I get a pleasant advantage.} 19. Nxf5 Bxf2+ 20.
Qxf2 Qxf5 21. Rfe1 $14 {[%csl Gd3,Rf5,Rf6]} Qc8 (21... a6 {but then} 22. Qb6 $5
{[%csl Gb6,Rb7]}) 22. Rxe8+ Qxe8 23. b3 Qc6 24. Re1 Re8 $6 (24... a5 {might be
better here.}) 25. Rxe8+ Nxe8 26. Qe3 $1 Kf8 $2 (26... Nd6 27. Nb4 {[%csl Rd5]
wins a pawn.}) (26... a6 27. Nb4 Qd7 28. Nxd5 {also wins a pawn.}) (26... Nc7
27. Qxa7 Qxc2 28. Qb8+ {is now mate, which is the subtle point behind 26.Qe3!})
(26... a5 27. Qc5 $1 {is strong now that his queenside is softened up.}) (26...
d4 {may be the best move, but then I can continue to increase the pressure with
} 27. Qe7 $36 {[%csl Ge7]}) 27. Qxa7 Qxc2 28. Qc5+ $1 {Now the queens come off
with a very good ending.} Qxc5+ 29. Nxc5 {[%csl Rb7]} b6 (29... Nd6 30. a5 $1
Ke7 31. Nxb7 $1 {[%csl Ga5][%cal Ya5a8]}) 30. Nd7+ Ke7 31. Nxb6 $16 {[%csl Ga4,
Gb3]} Kd6 32. Kf2 Kc5 33. a5 Nc7 34. Ke3 Na6 $5 35. Na4+ Kb4 36. Kd4 Nc7 $6 (
36... Kxa5 {was the best try.} 37. Kxd5 (37. Nc5 Nc7 $13) 37... Kb4 38. Kd6
Kxb3 39. Ke7 (39. Nc5+ {I thought was winning the pawn ending but overlooked
42...f5!} Nxc5 40. Kxc5 Kc3 41. Kd6 Kd4 42. Ke7 f5 $1 43. Kf7 Ke3 44. Kxg7 Kf2
45. g4 f4 46. g5 Kxf3 47. Kxh7 Kg2 48. h4 (48. g6 Kxh2 49. g7 f3 50. g8=Q f2
$11) 48... f3 49. g6 f2 50. g7 f1=Q 51. g8=Q+ $14) (39. Nb6 $16 {must give
reasonable winning chances as well}) 39... f5 40. Kf7 Kxa4 41. Kxg7 $16) (36...
Kxb3 $4 37. Nc5+ $18 {[%csl Ga5]}) 37. Nb6 Ne6+ (37... Kxa5 38. Nxd5) 38. Ke5
$1 (38. Kxd5 $2 Kxa5 {gives Black chances to hold.}) 38... d4 39. a6 $1 d3 40.
a7 d2 (40... Nc7 41. Nd5+ $18) 41. a8=Q (41. Nd5+ $2 Kxb3 42. Ne3 Nc7 {and my
king can't cross the d-file due to ...Nb5+.}) 41... d1=Q 42. Nd5+ $1 $18 {
The Black queen is unfortunately placed for knight forks.} Kxb3 (42... Kc5 43.
Qc8+ Kb5 44. Qc4+ Ka5 45. Qa4#) (42... Kb5 43. Qa4+ Kc5 44. Qc4#) 43. Qb7+ {
[%csl Rb3,Gb7,Rd1,Gd5]} (43. Qb7+ Ka3 (43... Kc4 44. Ne3+) (43... Kc2 44. Ne3+)
(43... Ka4 44. Qb4#) (43... Ka2 44. Nc3+) 44. Qb4+ Ka2 45. Nc3+ Ka1 46. Qa3#)
1-0

[Event "Sao Paulo zt 2.4"]
[Site "Sao Paulo"]
[Date "2001.??.??"]
[Round "8"]
[White "Vescovi, Giovanni P"]
[Black "Oblitas Guerrero, Carlomagno"]
[Result "1/2-1/2"]
[WhiteElo "2572"]
[BlackElo "2404"]
[Annotator "Melao,H"]
[PlyCount "79"]
[EventDate "2001.06.07"]
[EventType "tourn"]
[EventRounds "9"]
[EventCountry "BRA"]
[EventCategory "8"]
[SourceTitle "CBM 082 Extra"]
[Source "ChessBase"]
[SourceDate "2001.07.03"]
[SourceVersion "1"]
[SourceVersionDate "2001.07.03"]
[SourceQuality "1"]

1. e4 e6 2. d4 d5 3. Nd2 c5 4. exd5 exd5 5. Ngf3 Nf6 6. Bb5+ Bd7 7. Bxd7+ Nbxd7
8. dxc5 Qe7+ 9. Qe2 Qxe2+ 10. Kxe2 Bxc5 11. Nb3 Bb6 12. Bf4 (12. Rd1 O-O 13.
Bd2 Rfe8+ 14. Kf1 Ne4 15. Be1 Ndf6 16. Nfd4 Nd6 17. Rab1 Nc4 18. h3 Rac8 19.
Ne2 Re5 20. Nbd4 Rce8 21. b3 Bxd4 22. Nxd4 Rxe1+ 23. Rxe1 Nd2+ 24. Kg1 Nxb1 25.
Rxb1 Kf8 26. f3 g6 27. Kf2 a6 28. Rd1 Ke7 29. Ne2 Rc8 30. Rd2 Kd6 31. g4 Kc5
32. Nf4 h6 33. h4 Rd8 34. c3 b5 35. g5 hxg5 36. hxg5 Nh7 37. Nd3+ Kb6 38. f4 a5
39. Ne5 f6 40. gxf6 Nxf6 41. Ke3 Kc5 42. Rg2 Rg8 43. a3 Ne4 44. b4+ Kd6 45. Kd4
a4 46. Rxg6+ Rxg6 47. Nxg6 Nd2 48. f5 Nb1 49. f6 Ke6 50. Nf4+ Kxf6 51. Nxd5+
Kf7 52. c4 Nxa3 {1/2-1/2 Arnason,J-Kishnev,S/Eupen 1994/CBM 44 (52)}) 12... O-O
13. Rhe1 Rfe8+ (13... Ne4 14. Nfd4 g5 15. Be3 f5 16. f3 f4 17. fxe4 fxe3 18.
Rf1 dxe4 19. Rf5 Rxf5 20. Nxf5 Ne5 21. a4 Rf8 22. a5 Rxf5 23. axb6 axb6 24. Nd4
Rf2+ 25. Kxe3 Rxg2 26. Ra8+ Kg7 27. Rb8 Kg6 28. Rg8+ {Heissler,J-Piskov,Y/
Germany 1992/GER-chT/0-1 (39)}) 14. Kf1 Re4 15. Bg3 Rae8 16. Rad1 h6 17. c3
Rxe1+ 18. Nxe1 Ne5 19. Bxe5 Rxe5 20. Nd3 Re7 21. Nf4 Rd7 22. Nd4 Kf8 23. h3
Bxd4 24. Rxd4 {como as Pretas não apresentam outras debilidades além do Peão
Dama Isolado e restam poucas peças, especialmente por restar uma Torre para
cada lado, a partida deve empatar.} Ke7 25. g4 Kd6 26. Ng2 b5 27. Ne3 g6 28. h4
Kc5 29. Ke2 a5 30. a3 a4 31. f3 Ne8 32. Rf4 Nd6 33. Kd2 Re7 34. Rd4 Nc4+ 35.
Nxc4 bxc4 {[%csl Rb2,Yb3]} 36. Rf4 {[%csl Rf7]} Rb7 37. Kc2 Re7 38. Kd2 Rb7 39.
Kc2 Re7 40. Kd2 1/2-1/2

[Event "Metz op 31th"]
[Site "Metz"]
[Date "2013.07.24"]
[Round "7"]
[White "Gharamian, Tigran"]
[Black "Bauer, Christian"]
[Result "1/2-1/2"]
[WhiteElo "2663"]
[BlackElo "2637"]
[Annotator "Metz Alekhine/Primel,D"]
[PlyCount "36"]
[EventDate "2013.04.20"]
[EventType "swiss"]
[EventRounds "9"]
[EventCountry "FRA"]
[SourceTitle "EXT 2016"]
[Source "ChessBase"]
[SourceDate "2015.10.08"]
[SourceVersion "1"]
[SourceVersionDate "2015.10.08"]
[SourceQuality "1"]
[TimeControl "40/5400:1800+30"]
[WhiteClock "1:30:00"]
[BlackClock "1:30:00"]

1. e4 {01h30} e6 2. d4 d5 3. Nd2 a6 4. Ngf3 c5 5. exd5 exd5 6. Be2 (6. dxc5)
6... c4 7. O-O Bd6 8. b3 (8. Re1) 8... cxb3 9. axb3 Ne7 10. Re1 {77} Nbc6 11.
Nf1 O-O 12. Ne3 (12. Ng3) (12. Ba3) 12... Be6 (12... h6) 13. Bd3 $6 $146 {
49 Joué après une longue réflexion et la nouveauté a probablement été
trouvée devant l'échiquier mais d3 ne fait pas trés bonne impression. Les
Blancs perdent un tempo avec Be2d3 et le Ne3 gêne le Bc1 et la Re1} (13. c4 h6
14. Bb2 (14. Ba3 Bxa3 15. Rxa3 Qd6) 14... Bb4 {Bosman,M (2330)-Gurevich,M 
(2641) NED-chT playoff 2002 (1.4) 1/2-1/2}) 13... Ng6 $1 $11 {[%cal Gg6f4,
Gf4d3]} 14. g3 {[%emt 0:00:29]} Bb4 15. Bd2 {63} Bxd2 16. Qxd2 Qf6 17. Qd1 Rad8
18. Bf1 Nge7 1/2-1/2

[Event "La Roche sur Yon"]
[Site "La Roche sur Yon"]
[Date "2006.03.24"]
[Round "9"]
[White "Istratescu, Andrei"]
[Black "Bauer, Christian"]
[Result "1-0"]
[WhiteElo "2618"]
[BlackElo "2627"]
[Annotator "Mueller,Karsten"]
[PlyCount "187"]
[EventDate "2006.03.15"]
[EventType "tourn"]
[EventRounds "9"]
[EventCountry "FRA"]
[EventCategory "12"]
[SourceTitle "CBM 112"]
[Source "ChessBase"]
[SourceDate "2006.06.07"]
[SourceVersion "1"]
[SourceVersionDate "2006.06.07"]
[SourceQuality "1"]

{[%mdl 4096]} 1. d4 e6 2. e4 d5 3. Nd2 c5 4. exd5 exd5 5. Ngf3 Nf6 6. Bb5+ Bd7
7. Qe2+ Be7 8. dxc5 O-O 9. Nb3 Re8 10. Be3 a6 11. Bd3 Ba4 12. Nfd4 Nbd7 13.
O-O-O Bxb3 14. Nxb3 Nxc5 15. Qf3 Nxb3+ 16. axb3 Qa5 17. Kb1 Bc5 18. Rhe1 Rad8
19. Bd2 Qb6 20. Bg5 Bxf2 21. Rxe8+ Rxe8 22. Bxf6 Qxf6 23. Qxd5 b5 24. Qd7 Rf8
25. Rf1 g6 26. b4 Kg7 27. g3 Rd8 28. Qc7 Re8 29. Qc3 Re1+ 30. Rxe1 Qxc3 31.
bxc3 Bxe1 32. Kb2 f5 33. Be2 Kf6 34. Bf3 Ke6 35. Kb3 Kd6 36. Bb7 Bf2 37. Bxa6
Kc6 38. c4 bxc4+ 39. Bxc4 Bg1 40. h3 Bf2 41. Bg8 h5 42. Bh7 Bxg3 43. Bxg6 h4
44. Bxf5 Kb6 45. Kc4 Bd6 46. c3 Be5 47. Kd3 Bf6 48. Bd7 Bg7 49. Ba4 Bf6 50. c4
Be7 51. c5+ Bxc5 52. bxc5+ Kxc5 $11 {[%csl Ga6,Ga7,Ga8,Gb5,Gb6,Gb7,Gb8,Gc4,Gc5,
Gc6,Gc7,Gc8,Gd5,Gd6,Gd7,Gd8,Ge4,Ge5,Ge6,Ge7,Ge8,Gf5,Gf6,Gf7,Gf8,Gg6,Gg7,Gg8,
Gh7,Gh8] Denn der schwarze Monarch befindet sich in Rausers Remiszone.} 53. Ke4
Kd6 54. Kf5 Ke7 55. Kg6 Kf8 56. Bb3 Ke7 57. Kg7 Ke8 58. Bc4 Ke7 59. Bf7 Kd7 60.
Kf6 Kd6 61. Be6 Kc6 62. Ke7 Kc7 63. Bd7 Kb7 64. Kd8 Kb6 65. Ba4 Kb7 66. Kd7 Kb6
67. Bc6 Ka6 68. Kc7 Ka7 69. Bf3 Ka6 70. Kb8 Kb5 71. Kb7 Kc5 72. Kc7 Kb5 73. Bb7
Kc5 74. Bc6 Kd4 75. Kd6 Kc4 76. Bd7 Kb4 77. Kc6 Kc4 (77... Ka5 $2 78. Bc8 Kb4
79. Ba6 Ka4 80. Kb6 Ka3 81. Kb5 Kb3 82. Bb7 Kc3 83. Kc5 Kb3 84. Bc6 Kc3 85. Bf3
Kd3 86. Bg2 Ke3 87. Kd5 Kd3 88. Bf1+ Kc3 89. Kc5 Kb3 90. Bb5 Kc3 91. Bc4 Kb2
92. Kb4 Kc2 93. Bb5 Kd2 94. Kc4 Ke3 95. Kd5 Kf4 96. Bd3 Kg3 97. Bf5 Kf4 98. Ke6
Kg5 99. Ke5 $18) 78. Bc8 Kb4 $2 {Nun kommt der König nicht mehr in die
Remiszone zurück.} (78... Kd4 79. Kd6 Ke4 80. Bg4 Kd4 81. Bf5 Kc4 82. Be6+ Kb5
$11) 79. Ba6 Ka5 80. Bb5 Kb4 81. Kb6 Kc3 82. Kc5 Kb3 83. Bd7 Ka3 $6 {[%mdl
4096]} (83... Kc3 {war zäher, z.B.} 84. Bc6 Kd3 85. Bg2 Ke3 86. Kd5 Kd3 87.
Bf1+ Kc3 88. Kc5 Kb3 89. Bb5 Kc3 90. Bc4 Kb2 91. Kb4 Kc2 92. Bb5 Kd2 93. Kc4
Ke3 94. Kd5 Kf4 95. Bd3 Kg3 96. Bf5 Kf4 97. Ke6 Kg5 98. Bd3 Kh5 99. Kf6 Kh6
100. Bf5 Kh5 101. Kg7 Kg5 102. Bg4 Kf4 103. Kf6 Ke4 104. Be6 Kd4 105. Kg5 Ke5
106. Ba2 Ke4 107. Kxh4 $18) 84. Kc4 Kb2 85. Ba4 Ka2 86. Kb4 Kb2 87. Bb3 Kb1 88.
Kc3 Ka1 89. Bf7 Kb1 90. Kd3 Kb2 91. Ke4 Kc3 92. Kf5 Kd4 93. Kg5 Ke5 94. Bb3 (
94. Bb3 Kd6 95. Kxh4 Ke7 96. Kg5 Kf8 97. Kf6 Ke8 98. h4 $18 {[%cal Gh4h8]}) 1-0